000 01013nas a2200313 4500
001 BR2013006534
003 BR-BrBNA
005 20231205122845.0
007 ta
008 230509b bl.|||p| |||| 00| 00por d
040 _aBR-BrBNA
_bpor
_cBiblioteca Nacional de Agricultura
041 _a(En)
072 _aQ70; Q04; Q02
100 1 _aSoares Júnior, M.S.
100 1 _aBassinello, P.Z.
100 1 _aCaliari, M.
100 1 _aReis, R.C. dos
100 1 _aLacerda, D.B.C.L.
100 1 _aKoakuzu, S.N.
245 1 _aDevelopment and chemical characterization of flour obtained from the external mesocarp of "pequizeiro" fruit
650 _aCARYOCAR BRAZILIENSE
650 _aPROCESSAMENTO
650 _aRESÍDUO
650 _aCASCA
773 0 _tCiência e Tecnologia de Alimentos (Brazil)
_xISSN 1678-457X
_g(Oct-Dec 2010), v. 30(4) p. 949-954
_wBR2013006534
856 4 0 _uhttp://www.scielo.br/pdf/cta/v30n4/v30n4a17.pdf
909 _a202311
_bLúcia
_c55
_dLúcia Elande
942 _2AGRIS
_n0
_cANA
999 _c230940
_d230940